Catálogo

Mujer inacabada / (Registro nro. 21901)

Detalles MARC
000 -LEADER
fixed length control field 00634nam a2200229 a 4500
001 - CONTROL NUMBER
control field 21901
005 - DATE AND TIME OF LATEST TRANSACTION
control field 20180713215728.0
008 - FIXED-LENGTH DATA ELEMENTS--GENERAL INFORMATION
fixed length control field 140415s1979 sp 000 0 spa d
020 ## - INTERNATIONAL STANDARD BOOK NUMBER
International Standard Book Number 8470175866
041 ## - LANGUAGE CODE
Language code of text/sound track or separate title spa
082 0# - DEWEY DECIMAL CLASSIFICATION NUMBER
Classification number 928
Item number HEL
100 1# - MAIN ENTRY--PERSONAL NAME
Personal name Hellman, Lilian,
Relator term autor
245 10 - TITLE STATEMENT
Title Mujer inacabada /
Statement of responsibility, etc. Lilian Hellman.
250 ## - EDITION STATEMENT
Edition statement 2a ed.
260 ## - PUBLICATION, DISTRIBUTION, ETC.
Place of publication, distribution, etc. Espña :
Name of publisher, distributor, etc. Argos Vergara,
Date of publication, distribution, etc. 1979.
300 ## - PHYSICAL DESCRIPTION
Extent 301 páginas ;
Dimensions 20 cm.
336 ## - CONTENT TYPE
Content type term texto
Source rdacontent
337 ## - MEDIA TYPE
Media type term sin mediación
Source rdamedia
338 ## - CARRIER TYPE
Carrier type term volumen
Source rdacarrier
650 14 - SUBJECT ADDED ENTRY--TOPICAL TERM
Topical term or geographic name entry element Autobiografía
700 1# - ADDED ENTRY--PERSONAL NAME
Personal name Bofill, Mireia,
Relator term traductor
Existencias
Withdrawn status Lost status Source of classification or shelving scheme Damaged status Not for loan Collection code Home library Current library Shelving location Date acquired Source of acquisition Inventory number Total Checkouts Full call number Barcode Date last seen Price effective from Koha item type
    Dewey Decimal Classification     General Biblioteca Karol Wojtyla Biblioteca Karol Wojtyla Sala general 03/12/2013 Compra 151000000000000000036155   928 HEL 1979 42306 05/01/2026 08/10/2014 Libro